LEADER 04386oam 2200757I 450 001 9910457280603321 005 20200520144314.0 010 $a0-429-21722-6 010 $a1-136-47494-3 010 $a1-280-12131-9 010 $a9786613525178 010 $a0-415-89146-9 010 $a0-203-13061-8 024 7 $a10.1201/b11419 035 $a(CKB)2550000000079727 035 $a(EBL)840379 035 $a(OCoLC)774956305 035 $a(SSID)ssj0000581373 035 $a(PQKBManifestationID)11393002 035 $a(PQKBTitleCode)TC0000581373 035 $a(PQKBWorkID)10536969 035 $a(PQKB)11518508 035 $a(MiAaPQ)EBC840379 035 $a(MiAaPQ)EBC4009676 035 $a(Au-PeEL)EBL840379 035 $a(CaPaEBR)ebr10524994 035 $a(CaONFJC)MIL352517 035 $a(OCoLC)778434876 035 $a(Au-PeEL)EBL4009676 035 $a(OCoLC)935244284 035 $a(EXLCZ)992550000000079727 100 $a20180706d2011 uy 0 101 0 $aeng 135 $aur|n|---||||| 181 $ctxt 182 $cc 183 $acr 200 10$aGeology of North Africa /$fE. Edward Tawadros 205 $aExpanded and updated ed. 210 1$aBoca Raton, Fla. :$cCRC Press,$d2011. 215 $a1 online resource (933 pages) ;$cillustrations 300 $aRev. ed. of: Geology of Egypt and Libya / E. Tawadros. 2001. 311 $a1-138-07726-7 311 $a0-415-87420-3 320 $aIncludes bibliographical references and index. 327 $aFront Cover; Contents; Preface; Acknowledgements; About the author; PART 1: History of geology and Hydrocarbon Exploration in North Africa; 1. Introduction; PART 2: Tectonic Framework of North Africa; 2. Northeast Africa's Basins; 3. Tertiary volcanics; 4. Northwest Africa's Basins; PART 3: Pan-African Shield & West African Craton; 5. Precambrian; PART 4: Phanerzoic Geology of North Africa; 6. Phanerozoic geology of Egypt; 7. Mesozoic; 8. Tertiary; 9. Tertiary-Quaternary; 10. Quaternary (Pleistocene-Holocene); 11. Phanerozoic geology of Libya; 12. Paleozoic; 13. Mesozoic; 14. Tertiary 327 $a15. Phanerozoic geology of Algeria16. Phanerozoic geology of Tunisia; 17. Phanerozoic geology of Morocco; PART 5: petroleum Geology & Petroleum Systems of North Africa; 18. Petroleum geology & petroleum systems of North Africa; 19. Hydrocarbon systems in North Africa; PART 6: Phanerozoic Geological History; 20. Phanerozoic geological history; References 330 $a"An expanded and updated edition of the original 'Geology of Egypt and Libya'. New chapters covering the geology of Algeria, Tunisia and Morocco have been added to cover all of North Africa. Moreover, the petroleum systems of North Africa are now also discussed and new chapters on the history of geological exploration in Egypt and Libya have been added. This reference volume deals reviews the tectonic elements, the geology of the Pan-African Shield, and Phanerozoic geological evolution of the five North African countries, and describes most of the lithostratigraphic units. Including over 2500 literature references, this volume is an essential information source for geologists, geophysicists, engineers and senior students in geosciences and geological engineering in North Africa and the Middle East. "--$cProvided by publisher. 330 $a"An expanded and updated edition of the original 'Geology of Egypt and Libya'. New chapters covering the geology of Algeria, Tunisia and Morocco have been added to cover all of North Africa. Petroleum systems are now also discussed and the history of geological exploration in Egypt and Libya. Reviews tectonic elements, geology of the Pan-African Shield, and Phanerozoic geological evolution of the five North African countries; describes most of the lithostratigraphic units; contains over 2500 references"--$cProvided by publisher. 606 $aGeology$zEgypt 606 $aGeology$zLibya 606 $aGeology$zAfrica, North 608 $aElectronic books. 615 0$aGeology 615 0$aGeology 615 0$aGeology 676 $a556.1 700 $aTawadros$b E$g(Ezzat), 701 $aTawadros$b E$g(Ezzat).$01057602 801 0$bMiAaPQ 801 1$bMiAaPQ 801 2$bMiAaPQ 906 $aBOOK 912 $a9910457280603321 996 $aGeology of North Africa$92493044 997 $aUNINA LEADER 02064nam2 2200373 i 450 001 VAN00084269 005 20240806100631.330 010 $a88-7947-429-4 100 $a20110615d2006 |0itac50 ba 101 $aita 102 $aIT 105 $a|||| ||||| 200 1 $aParte generale$fStephen A. Miller, John P. Harley$ga cura di M. Balsamo ... [et al.]$gcoordinamento editoriale di F. De Bernardi 210 $aNapoli$cIdelson-Gnocchi$d2006 215 $aXIII, 318 p., con 375 fig. a colori e 17 tabelle$cill.$d26 cm 461 1$1001VAN00063912$12001 $aZoologia$fStephen A. Miller, John P. Harley$ga cura di M. Balsamo ... [et al.]$gcoordinamento editoriale di F. De Bernardi$1210 $aNapoli$cIdelson-Gnocchi$1215 $avolumi$d26 cm 620 $dNapoli$3VANL000005 676 $a590$cZoologia. Animali. Fauna$v22 700 1$aMiller$bStephen A.$3VANV050846$0289826 701 1$aHarley$bJohn P.$3VANV016915$067014 702 1$aBalsamo$bMaurizio$3VANV012506 702 1$aDe Bernardi$bFiorenza$3VANV089435 712 $aIdelson Gnocchi $3VANV107973$4650 790 1$aMiller, S. A.$zMiller, Stephen A.$3VANV100966 790 1$aMiller, S.A.$zMiller, Stephen A.$3VANV205551 790 1$aHarley, J. P.$zHarley, John P.$3VANV063075 790 1$aHarley, J.P.$zHarley, John P.$3VANV205550 801 $aIT$bSOL$c20260130$gRICA 912 $aVAN00084269 950 $aBIBLIOTECA DEL DIPARTIMENTO DI SCIENZE E TECNOLOGIE AMBIENTALI BIOLOGICHE E FARMACEUTICHE$d17CONS La112 $e17BIB486 20110615 $sBuono 950 $aBIBLIOTECA DEL DIPARTIMENTO DI SCIENZE E TECNOLOGIE AMBIENTALI BIOLOGICHE E FARMACEUTICHE$d17PREST La114 $e17BIB484 20110615 $sBuono 950 $aBIBLIOTECA DEL DIPARTIMENTO DI SCIENZE E TECNOLOGIE AMBIENTALI BIOLOGICHE E FARMACEUTICHE$d17PREST La116 $e17BIB485 20110615 $sBuono 996 $aParte generale$91520658 997 $aUNICAMPANIA